000 01056nam a2200289Ia 4500
005 20220317000259.0
008 141031s9999 ck 000 0 spa d
020 _a9788426138088
100 1 _aWinter, Jeanette
245 1 3 _aLa escuela secreta de Nasreen
_buna historia real de Afganistán
_cJeanette Winter ; traducción Laura Iglesias
250 _a2a edición
300 _a[29] páginas sin enumerar
_bilustraciones en color
_c29 cm.
534 _tNasreen's secret school
650 1 4 _2LEMB
_aCuentos infantiles ingleses
650 1 4 _2LEMB
_aLiteratura inglesa
650 1 4 _2LEMB
_aTalibanes
_vCuentos infantiles
650 1 4 _2LEMB
_aEducación
_zAfganistán
_vCuentos infantiles
651 1 4 _aAfganistán
_xVida social y costumbres
_vCuentos infantiles
_913713
700 1 _aIglesias, Laura
_etraductor
_912751
942 _2loc
_cBKINF
264 _aBarcelona
_bJuventud
_c2013
336 _atexto
_btxt
_2rdacontent
337 _asin mediación
_bn
_2rdamedia
338 _avolumen
_bnc
_2rdacarrier
040 _aCO-BoRNBP
_bspa
_erda
_cCO-BoRNBP
084 _aC WIN3
999 _c3604
_d3604